Remote LAN access : (Record no. 175209)

000 -LEADER
fixed length control field 01519 a2200217 4500
003 - CONTROL NUMBER IDENTIFIER
control field Nust
005 - DATE AND TIME OF LATEST TRANSACTION
control field 20220730131018.0
010 ## - LIBRARY OF CONGRESS CONTROL NUMBER
LC control number 96025891
020 ## - INTERNATIONAL STANDARD BOOK NUMBER
International Standard Book Number 1884777252 (softcover)
040 ## - CATALOGING SOURCE
Transcribing agency Nust
082 00 - DEWEY DECIMAL CLASSIFICATION NUMBER
Classification number 004.68,FRI
100 1# - MAIN ENTRY--PERSONAL NAME
Personal name Fritz, Jeffrey N.,
9 (RLIN) 95924
245 10 - TITLE STATEMENT
Title Remote LAN access :
Remainder of title a guide for networkers and the rest of us /
Statement of responsibility, etc. Jeffrey Neil Fritz.
260 ## - PUBLICATION, DISTRIBUTION, ETC.
Place of publication, distribution, etc. Greenwich, CT :
Name of publisher, distributor, etc. Manning,
Date of publication, distribution, etc. c1996.
300 ## - PHYSICAL DESCRIPTION
Extent xvii, 267 p. :
Other physical details ill. ;
Dimensions 23 cm.
505 ## - FORMATTED CONTENTS NOTE
Formatted contents note Introduction to Remote LAN Access (Page-1), Early Attempts at Remote Access (Page-12), The Beginning of Residential and Small Business Remote LAN Access (Page-12), Connectivity Services (Page-28), Technologies for Enterprise Network, LAN and Internet Connections (Page-37), Service Comparisons (Page-57), The World of ISD (Page-66), ISDN Advantages and Disadvantages (Page-79), Ordering Integrated Servies Digital Network (Page-91).Network Connections Using Terminal Adapters (Page-102), Connecting to the Internet (Page-119), Call Control (Page-125), Making Remote LAN Access Connections (Page-136), Wide Area Networks (Page-157), Optimizing WAN Connections (Page-178), Interoperability (Page-194), Extending ISDN to Your Doorstep (Page-203), The Com pleat Telecommuter (Page-217), The View From the Deck of the Enterprise (Page-229).
650 #0 - SUBJECT ADDED ENTRY--TOPICAL TERM
Topical term or geographic name entry element Computer terminals
General subdivision Remote terminals.
9 (RLIN) 95925
650 #0 - SUBJECT ADDED ENTRY--TOPICAL TERM
Topical term or geographic name entry element Integrated services digital networks.
650 #0 - SUBJECT ADDED ENTRY--TOPICAL TERM
Topical term or geographic name entry element Local area networks (Computer networks)
942 ## - ADDED ENTRY ELEMENTS (KOHA)
Koha item type Reference
Source of classification or shelving scheme
Call number prefix 004.68,FRI
Holdings
Withdrawn status Lost status Source of classification or shelving scheme Damaged status Not for loan Permanent Location Current Location Shelving location Date acquired Full call number Barcode Date last seen Price effective from Koha item type Public note
          Military College of Signals (MCS) Military College of Signals (MCS) General Stacks 12/12/2016 004.68,FRI MCS7045 12/08/2016 12/12/2016 Book Almirah No.8, Shelf No.4
© 2023 Central Library, National University of Sciences and Technology. All Rights Reserved.